Sports Quiz

Random Sports or Basketball Quiz

NCAA Basketball Consecutive Final Fours Quiz Stats

Quiz Updated Apr 3, 2017

Challenge
Share
Tweet
Embed
Score 0/41 Timer 05:00
5 Plays Today
Years in Final Four Team % Correct
1963-64Duke
97.2%
1988-92Duke
97.2%
2016-17North Carolina
96.4%
1967-69North Carolina
95.8%
1981-82North Carolina
95.8%
1997-98North Carolina
95.8%
2008-09North Carolina
95.8%
2014-15Kentucky
95.2%
2011-12Kentucky
93.4%
1948-49Kentucky
92.8%
1996-98Kentucky
92.8%
1964-65UCLA
91.8%
1967-76UCLA
91.8%
2006-08UCLA
91.8%
1992-93Michigan
91.7%
1964-65Michigan
90.7%
2006-07Florida
90.1%
1999-2001Michigan State
88.9%
2009-10Michigan State
88.9%
2002-03Kansas
87.8%
1952-53Kansas
87%
Years in Final Four Team % Correct
2010-11Butler
83.9%
2011-12Louisville
82.6%
2014-15Wisconsin
81.8%
1944-46Ohio State
77.2%
1960-62Ohio State
77.2%
1984-85Georgetown
72.1%
1990-91UNLV
69.8%
1982-83Louisville
64.4%
2001-02Maryland
62%
1994-95Arkansas
54.6%
1967-68Houston
49.4%
1982-84Houston
49.4%
1951-52Illinois
45.6%
1945-46Oklahoma A&M
43.1%
1959-63Cincinnati
41.2%
1955-57San Francisco
40.9%
1959-60California
39.2%
1955-56Iowa
30.4%
1947-48Holy Cross
14.4%
1954-55La Salle
14.3%

You're not logged in!

Compare scores with friends on all Sporcle quizzes.
Join for Free
OR
Log In

You Might Also Like...

Show Comments

Extras

Top Quizzes Today


Score Distribution

Your Account Isn't Verified!

In order to create a playlist on Sporcle, you need to verify the email address you used during registration. Go to your Sporcle Settings to finish the process.

Report this User

Report this user for behavior that violates our Community Guidelines.

Details: